Billie Eilish's VEVO Certified Music Videos - Statistics

General Stats
  • This quiz has been taken 27 times
  • The average score is 21 of 34
Answer Stats
Views Music Video % Correct
1.3B+ bad guy
96%
2.2B+ lovely (w/ Khalid)
91%
734M+ Bellyache
87%
486M+ burry a friend
83%
587M+ ocean eyes
83%
121M+ Ocean Eyes (Dance Performance Video)
83%
586M+ BIRDS OF A FEATHER
78%
178M+ BIRDS OF A FEATHER (Lyric Video)
78%
243M+ Therefore I Am
78%
295M+ you should see me in a crown
78%
105M+ you should see me in a crown (Official Video by Takashi Murakami)
78%
246M+ all the good girls go to hell
74%
122M+ xanny
70%
154M+ CHIHIRO
65%
129M+ my future
65%
101M+ watch
65%
233M+ What Was I Made For?
65%
994M+ when the party's over
65%
487M+ everything i wanted
61%
208M+ everything i wanted (Audio)
61%
385M+ idontwannabeyouanymore
61%
109M+ Bored (Audio)
57%
161M+ No Time To Die
57%
123M+ No Time To Die (Audio)
57%
151M+ Your Power
57%
129M+ Lost Cause
48%
145M+ WILDFLOWER (Live Performance from Amazon Music's Songline)
48%
249M+ WILDFLOWER (Lyric Video)
48%
176M+ COPYCAT (Audio)
43%
157M+ hostage
43%
130M+ wish you were gay (Audio)
39%
169M+ my boy (Audio)
30%
104M+ TV (Lyric Video)
30%
439M+ Better Than Ever
13%
No matching quizzes found
Score Distribution
Percent of People with Each Score
Percentile by Number Answered
Your Score History
You have not taken this quiz